000 01258nam0a2200301 4500
001 RU\NLR\BIBL_A\011459925
005 20260406064738.0
010 _a9785990990814
_91000
021 _aRU
_b2017-56040
_93985
035 _a(RuMoRGB)008950015
035 _a(NLR Aleph) 011459925
090 _a11797367
_c11797367
100 _a20170822d2017 m y0rusy50 ca
101 0 _arus
102 _aRU
105 _aa w 000zy
200 1 _aСлово к пастырю
_fМитрополит Владивостокский и Приморский Вениамин (Пушкарь)
210 _aВладивосток
_cЦентр церковно-государственных отношений "Берег Рус"
_d2017
215 _a16 с.
_cил.
_d18
606 1 _aПастырское богословие православное
_92171723
_3RU\NLR\AUTH\661306343
686 _aЭ372.24-461,0
_2rubbk
686 2 _aЭ372.24-46
700 0 _8rus
_7ca
_aВениамин
_cПушкарь, Борис Николаевич
_cмитрополит Владивостокский и Приморский
_f1938-
_3RU\NLR\AUTH\7714457
_9124130
942 _cBOOK
980 _aNBR